00910nam a22002297a 4500999001900000005001700019010001500036020002600051035001400077037001300091082001100104100001800115245012300133260004200256270014100298300002400439500001900463700001800482700002200500942002500522952013300547 c166179d16617920190716113440.0 aENG-125939 a9789353434878c599.00 aEN-109471 bDBAD/PUB a658.83 aViki, Tendayi aThe lean product lifecycle :cby Tendayi Viki, Craig Strong [and] Sonja Kresojevicbhow to make products people want / aNoida bPearson India Educationc2019 a15th Floor, Tower-B, World Trade Tower, Plot No.I, Block-C, Sector 16bNoida, Uttar Pradesh e201301mcompanysecretary.india@pearson.com axiv,243.c23cm(pbk) aIncludes index aStrong, Craig aKresojevic, Sonja 2ddccENh658.83mVIK 001040708NFICaAVbAVd2019-07-16eDBAD/PUBg599.00l2o658.83 VIKpEN-109471r2022-08-26 00:00:00s2022-08-12t1v599.00yEN